000 00702cam a22002293a 4500
001 29333
003 PGUSA
005 20140828083632.0
008 090706s2009||||xxu|||||s|||||000 | eng d
040 _aPGUSA
_beng
042 _adc
050 4 _aD501
100 1 _aJones, Henry Paul Mainwaring,
_d1896-1917
245 1 0 _aWar Letters of a Public-School Boy
_h[electronic resource] /
_cHenry Paul Mainwaring Jones
260 _bProject Gutenberg,
_c2009
506 _aPublic domain in the USA.
516 _aElectronic text
653 _aWorld War, 1914-1918 -- Personal narratives, British
830 0 _aProject Gutenberg
_v29333
856 4 0 _uhttp://www.gutenberg.org/ebooks/29333
942 _cEB
999 _c258588
_d258588